[Event "European Chess Club Cup 2023"]
[Site "Durres, Albania"]
[Date "2023.10.07"]
[Round "7.72"]
[White "Pobor, Milo"]
[Black "Meessen, Rudolf"]
[Result "1/2-1/2"]
[TimeControl "90' + 30' & 30\""]
[WhiteElo "2208"]
[BlackElo "2170"]

1. e4 {[%clk 01:30:57]} {[%emt 00:00:02]} e5 {[%clk 01:30:43]} {[%emt
00:00:18]} 2. Nf3 {[%clk 01:31:17]} {[%emt 00:00:09]} d6 {[%clk 01:30:59]}
{[%emt 00:00:14]} 3. d4 {[%clk 01:31:31]} {[%emt 00:00:17]} exd4 {[%clk
01:31:24]} {[%emt 00:00:05]} 4. Nxd4 {[%clk 01:31:56]} {[%emt 00:00:04]} Nf6
{[%clk 01:31:50]} {[%emt 00:00:04]} 5. Nc3 {[%clk 01:32:22]} {[%emt 00:00:04]}
Be7 {[%clk 01:32:17]} {[%emt 00:00:03]} 6. Be2 {[%clk 01:32:17]} {[%emt
00:00:35]} O-O {[%clk 01:32:41]} {[%emt 00:00:06]} 7. Bf4 {[%clk 01:31:45]}
{[%emt 00:01:02]} Nc6 {[%clk 01:29:44]} {[%emt 00:03:27]} 8. Qd2 {[%clk
01:30:41]} {[%emt 00:01:33]} Nxd4 {[%clk 01:30:08]} {[%emt 00:00:07]} 9. Qxd4
{[%clk 01:31:06]} {[%emt 00:00:05]} c6 {[%clk 01:30:34]} {[%emt 00:00:04]} 10.
Rd1 {[%clk 01:21:35]} {[%emt 00:10:02]} Qa5 {[%clk 01:30:47]} {[%emt 00:00:16]}
11. b4 {[%clk 01:18:39]} {[%emt 00:03:26]} Qb6 {[%clk 01:31:16]} {[%emt
00:00:02]} 12. Bxd6 {[%clk 01:05:02]} {[%emt 00:14:06]} Qxd4 {[%clk 01:19:22]}
{[%emt 00:12:24]} 13. Rxd4 {[%clk 01:04:31]} {[%emt 00:01:01]} Rd8 {[%clk
01:19:19]} {[%emt 00:00:33]} 14. e5 {[%clk 01:04:47]} {[%emt 00:00:14]} Ne8
{[%clk 01:18:41]} {[%emt 00:01:08]} 15. Ne4 {[%clk 00:48:36]} {[%emt 00:16:41]}
Bf5 {[%clk 01:18:22]} {[%emt 00:00:49]} 16. c3 {[%clk 00:47:57]} {[%emt
00:01:09]} Bxe4 {[%clk 01:11:18]} {[%emt 00:07:35]} 17. Bxe7 {[%clk 00:47:45]}
{[%emt 00:00:41]} Rxd4 {[%clk 01:11:40]} {[%emt 00:00:08]} 18. cxd4 {[%clk
00:48:12]} {[%emt 00:00:03]} Bxg2 {[%clk 01:12:03]} {[%emt 00:00:08]} 19. Rg1
{[%clk 00:48:38]} {[%emt 00:00:04]} Bd5 {[%clk 01:12:22]} {[%emt 00:00:10]} 20.
a3 {[%clk 00:46:53]} {[%emt 00:02:14]} Rc8 {[%clk 01:08:37]} {[%emt 00:04:17]}
21. Kd2 {[%clk 00:40:57]} {[%emt 00:06:25]} Rc7 {[%clk 01:06:54]} {[%emt
00:02:13]} 22. Bg5 {[%clk 00:41:19]} {[%emt 00:00:07]} Rd7 {[%clk 01:06:51]}
{[%emt 00:00:34]} 23. Ke3 {[%clk 00:32:25]} {[%emt 00:09:24]} Kf8 {[%clk
01:00:49]} {[%emt 00:06:32]} 24. f4 {[%clk 00:28:51]} {[%emt 00:04:04]} f5
{[%clk 01:00:27]} {[%emt 00:00:52]} 25. b5 {[%clk 00:21:56]} {[%emt 00:07:25]}
Nc7 {[%clk 01:00:28]} {[%emt 00:00:29]} 26. bxc6 {[%clk 00:22:02]} {[%emt
00:00:24]} Bxc6 {[%clk 00:57:04]} {[%emt 00:03:54]} 27. Bd3 {[%clk 00:15:37]}
{[%emt 00:06:55]} g6 {[%clk 00:55:14]} {[%emt 00:02:21]} 28. Bc4 {[%clk
00:12:33]} {[%emt 00:03:33]} Bd5 {[%clk 00:55:42]} {[%emt 00:00:01]} 29. Rc1
{[%clk 00:10:57]} {[%emt 00:02:06]} Kf7 {[%clk 00:55:44]} {[%emt 00:00:29]} 30.
Kd3 {[%clk 00:10:34]} {[%emt 00:00:53]} Ne6 {[%clk 00:50:54]} {[%emt 00:05:20]}
31. h4 {[%clk 00:07:19]} {[%emt 00:03:46]} Bxc4+ {[%clk 00:26:17]} {[%emt
00:25:07]} 32. Rxc4 {[%clk 00:07:43]} {[%emt 00:00:05]} b5 {[%clk 00:26:39]}
{[%emt 00:00:07]} 33. Rb4 {[%clk 00:05:36]} {[%emt 00:02:36]} Rd5 {[%clk
00:26:09]} {[%emt 00:01:01]} 34. Kc3 {[%clk 00:03:17]} {[%emt 00:02:47]} Ke8
{[%clk 00:24:15]} {[%emt 00:02:27]} 35. a4 {[%clk 00:02:53]} {[%emt 00:00:54]}
a6 {[%clk 00:23:51]} {[%emt 00:00:54]} 36. axb5 {[%clk 00:03:01]} {[%emt
00:00:22]} axb5 {[%clk 00:24:16]} {[%emt 00:00:05]} 37. Rb2 {[%clk 00:02:54]}
{[%emt 00:00:37]} h5 {[%clk 00:20:24]} {[%emt 00:04:22]} 38. Ra2 {[%clk
00:00:34]} {[%emt 00:02:51]} Rxd4 {[%clk 00:20:47]} {[%emt 00:00:07]} 39. Ra8+
{[%clk 00:00:50]} {[%emt 00:00:13]} Kd7 {[%clk 00:21:16]} {[%emt 00:00:02]} 40.
Ra7+ {[%clk 00:00:58]} {[%emt 00:00:22]} Kc8 {[%clk 00:21:30]} {[%emt
00:00:15]} 41. Ra8+ {[%clk 00:28:31]} {[%emt 00:02:57]} Kb7 {[%clk 00:49:21]}
{[%emt 00:02:39]} 42. Rg8 {[%clk 00:28:26]} {[%emt 00:00:35]} Rc4+ {[%clk
00:49:41]} {[%emt 00:00:10]} 43. Kb3 {[%clk 00:28:33]} {[%emt 00:00:23]} Nxf4
{[%clk 00:40:33]} {[%emt 00:09:38]} 44. Rg7+ {[%clk 00:28:26]} {[%emt
00:00:37]} Kc6 {[%clk 00:40:55]} {[%emt 00:00:08]} 45. Bxf4 {[%clk 00:28:16]}
{[%emt 00:00:40]} Rxf4 {[%clk 00:41:21]} {[%emt 00:00:04]} 46. Rxg6+ {[%clk
00:28:40]} {[%emt 00:00:05]} Kd5 {[%clk 00:40:01]} {[%emt 00:01:50]} 47. Rg5
{[%clk 00:29:00]} {[%emt 00:00:11]} Rxh4 {[%clk 00:32:19]} {[%emt 00:08:12]} 48.
Rxf5 {[%clk 00:29:24]} {[%emt 00:00:06]} b4 {[%clk 00:31:08]} {[%emt 00:01:41]}
49. Rg5 {[%clk 00:26:13]} {[%emt 00:03:41]} Ke6 {[%clk 00:29:16]} {[%emt
00:02:23]} 50. Ka4 {[%clk 00:26:13]} {[%emt 00:00:29]} Ke7 {[%clk 00:17:59]}
{[%emt 00:11:48]} 51. Kb3 {[%clk 00:25:16]} {[%emt 00:01:25]} Kf7 {[%clk
00:18:08]} {[%emt 00:00:22]} 52. Ka4 {[%clk 00:25:16]} {[%emt 00:00:30]} Rh1
{[%clk 00:16:32]} {[%emt 00:02:06]} 53. Kxb4 {[%clk 00:25:27]} {[%emt
00:00:19]} h4 {[%clk 00:16:58]} {[%emt 00:00:05]} 54. Kc3 {[%clk 00:20:29]}
{[%emt 00:05:24]} h3 {[%clk 00:16:39]} {[%emt 00:00:53]} 55. Kb2 {[%clk
00:20:30]} {[%emt 00:00:27]} Re1 {[%clk 00:14:05]} {[%emt 00:03:04]} 56. Rh5
{[%clk 00:17:41]} {[%emt 00:03:20]} Re3 {[%clk 00:13:40]} {[%emt 00:00:56]} 57.
Kc2 {[%clk 00:14:30]} {[%emt 00:03:40]} Kg6 {[%clk 00:14:06]} {[%emt 00:00:05]}
58. Rh8 {[%clk 00:14:45]} {[%emt 00:00:14]} Kf5 {[%clk 00:13:59]} {[%emt
00:00:36]} 59. e6 {[%clk 00:14:18]} {[%emt 00:00:58]} Kg4 {[%clk 00:10:56]}
{[%emt 00:03:34]} 60. Rg8+ {[%clk 00:14:07]} {[%emt 00:00:40]} Kf3 {[%clk
00:11:00]} {[%emt 00:00:26]} 61. Rf8+ {[%clk 00:14:17]} {[%emt 00:00:20]} Kg2
{[%clk 00:11:17]} {[%emt 00:00:13]} 62. Rg8 {[%clk 00:14:39]} {[%emt 00:00:09]}
Kh1 {[%clk 00:10:25]} {[%emt 00:01:21]} 63. Rg6 {[%clk 00:14:56]} {[%emt
00:00:14]} Re5 {[%clk 00:09:15]} {[%emt 00:01:39]} 64. Kd3 {[%clk 00:15:02]}
{[%emt 00:00:22]} h2 {[%clk 00:04:38]} {[%emt 00:05:09]} 65. Kd4 {[%clk
00:15:27]} {[%emt 00:00:05]} Re1 {[%clk 00:03:15]} {[%emt 00:01:54]} 66. Kd5
{[%clk 00:15:50]} {[%emt 00:00:06]} Rd1+ {[%clk 00:03:35]} {[%emt 00:00:10]} 67.
Kc6 {[%clk 00:16:09]} {[%emt 00:00:10]} Rg1 {[%clk 00:03:34]} {[%emt 00:00:32]}
68. Rh6 {[%clk 00:16:32]} {[%emt 00:00:07]} Re1 {[%clk 00:01:54]} {[%emt
00:02:10]} 69. Kd7 {[%clk 00:16:52]} {[%emt 00:00:10]} Kg2 {[%clk 00:02:18]}
{[%emt 00:00:06]} 70. e7 {[%clk 00:17:17]} {[%emt 00:00:05]} h1=Q {[%clk
00:01:17]} {[%emt 00:01:31]} 71. Rxh1 {[%clk 00:17:44]} {[%emt 00:00:03]} Kxh1
{[%clk 00:01:39]} {[%emt 00:00:08]} 72. e8=Q {[%clk 00:18:10]} {[%emt
00:00:04]} Rxe8 {[%clk 00:02:01]} {[%emt 00:00:06]} 73. Kxe8 {[%clk 00:18:37]}
{[%emt 00:00:05]} 1/2-1/2

[Event "European Chess Club Cup 2023"]
[Site "Durres, Albania"]
[Date "2023.10.07"]
[Round "7.73"]
[White "Bosiocic, Marin"]
[Black "Aditya, Mittal"]
[Result "0-1"]
[TimeControl "90' + 30' & 30\""]
[WhiteElo "2534"]
[BlackElo "2572"]

1. d4 {[%clk 01:30:58]} {[%emt 00:00:01]} d5 {[%clk 01:30:55]} {[%emt
00:00:06]} 2. c4 {[%clk 01:31:23]} {[%emt 00:00:05]} c6 {[%clk 01:31:24]}
{[%emt 00:00:02]} 3. Nf3 {[%clk 01:31:47]} {[%emt 00:00:04]} Nf6 {[%clk
01:31:53]} {[%emt 00:00:02]} 4. Nc3 {[%clk 01:32:10]} {[%emt 00:00:07]} e6
{[%clk 01:32:21]} {[%emt 00:00:02]} 5. Bg5 {[%clk 01:32:30]} {[%emt 00:00:09]}
h6 {[%clk 01:32:50]} {[%emt 00:00:02]} 6. Bxf6 {[%clk 01:32:53]} {[%emt
00:00:07]} Qxf6 {[%clk 01:33:17]} {[%emt 00:00:03]} 7. e3 {[%clk 01:33:15]}
{[%emt 00:00:07]} g6 {[%clk 01:33:46]} {[%emt 00:00:02]} 8. Bd3 {[%clk
01:33:34]} {[%emt 00:00:10]} Bg7 {[%clk 01:34:09]} {[%emt 00:00:08]} 9. e4
{[%clk 01:33:54]} {[%emt 00:00:10]} dxc4 {[%clk 01:34:34]} {[%emt 00:00:05]} 10.
Bxc4 {[%clk 01:34:08]} {[%emt 00:00:16]} O-O {[%clk 01:34:52]} {[%emt
00:00:13]} 11. O-O {[%clk 01:34:31]} {[%emt 00:00:06]} Nd7 {[%clk 01:35:20]}
{[%emt 00:00:02]} 12. e5 {[%clk 01:33:38]} {[%emt 00:01:23]} Qe7 {[%clk
01:35:49]} {[%emt 00:00:01]} 13. Re1 {[%clk 01:32:27]} {[%emt 00:01:40]} Rd8
{[%clk 01:36:18]} {[%emt 00:00:02]} 14. Qe2 {[%clk 01:30:05]} {[%emt 00:02:52]}
b5 {[%clk 01:36:42]} {[%emt 00:00:07]} 15. Bd3 {[%clk 01:30:15]} {[%emt
00:00:18]} Rb8 {[%clk 01:36:41]} {[%emt 00:00:32]} 16. Rac1 {[%clk 01:28:23]}
{[%emt 00:02:21]} c5 {[%clk 01:34:52]} {[%emt 00:02:20]} 17. Nxb5 {[%clk
01:21:51]} {[%emt 00:07:02]} Bb7 {[%clk 01:35:21]} {[%emt 00:00:01]} 18. Nxa7
{[%clk 01:17:25]} {[%emt 00:04:56]} Ra8 {[%clk 01:20:34]} {[%emt 00:15:18]} 19.
Nb5 {[%clk 01:15:49]} {[%emt 00:02:05]} Bxf3 {[%clk 01:20:46]} {[%emt
00:00:18]} 20. Qxf3 {[%clk 01:15:49]} {[%emt 00:00:30]} cxd4 {[%clk 01:21:08]}
{[%emt 00:00:08]} 21. Qb7 {[%clk 01:02:38]} {[%emt 00:13:41]} Qb4 {[%clk
01:12:43]} {[%emt 00:08:55]} 22. a3 {[%clk 00:49:08]} {[%emt 00:14:00]} Qb3
{[%clk 00:57:59]} {[%emt 00:15:14]} 23. Bc4 {[%clk 00:49:32]} {[%emt 00:00:05]}
Qxb2 {[%clk 00:58:02]} {[%emt 00:00:27]} 24. f4 {[%clk 00:49:13]} {[%emt
00:00:49]} Nc5 {[%clk 00:54:21]} {[%emt 00:04:12]} 25. Qf3 {[%clk 00:42:13]}
{[%emt 00:07:30]} d3 {[%clk 00:53:11]} {[%emt 00:01:40]} 26. Red1 {[%clk
00:41:22]} {[%emt 00:01:21]} d2 {[%clk 00:44:45]} {[%emt 00:08:56]} 27. Rc3
{[%clk 00:33:19]} {[%emt 00:08:33]} Ra5 {[%clk 00:40:58]} {[%emt 00:04:16]} 28.
Qe3 {[%clk 00:29:49]} {[%emt 00:04:01]} Bf8 {[%clk 00:40:21]} {[%emt 00:01:08]}
29. Nd6 {[%clk 00:28:41]} {[%emt 00:01:37]} Bxd6 {[%clk 00:36:43]} {[%emt
00:04:08]} 30. exd6 {[%clk 00:29:06]} {[%emt 00:00:04]} Rxd6 {[%clk 00:35:03]}
{[%emt 00:02:11]} 31. f5 {[%clk 00:28:46]} {[%emt 00:00:50]} gxf5 {[%clk
00:25:25]} {[%emt 00:10:07]} 32. Qg3+ {[%clk 00:22:51]} {[%emt 00:06:25]} Kh7
{[%clk 00:25:50]} {[%emt 00:00:06]} 33. Qxd6 {[%clk 00:21:19]} {[%emt
00:02:02]} Qxc3 {[%clk 00:26:18]} {[%emt 00:00:02]} 34. Qc7 {[%clk 00:21:34]}
{[%emt 00:00:13]} Kg6 {[%clk 00:24:13]} {[%emt 00:02:36]} 35. Be2 {[%clk
00:19:46]} {[%emt 00:02:18]} Qe3+ {[%clk 00:21:35]} {[%emt 00:03:08]} 36. Kf1
{[%clk 00:20:12]} {[%emt 00:00:04]} Ne4 {[%clk 00:21:40]} {[%emt 00:00:26]} 37.
Bh5+ {[%clk 00:20:37]} {[%emt 00:00:03]} Kxh5 {[%clk 00:21:46]} {[%emt
00:00:25]} 38. Qxf7+ {[%clk 00:21:04]} {[%emt 00:00:03]} Kh4 {[%clk 00:21:49]}
{[%emt 00:00:28]} 39. Qe7+ {[%clk 00:19:33]} {[%emt 00:02:00]} Qg5 {[%clk
00:18:41]} {[%emt 00:03:38]} 0-1

[Event "European Chess Club Cup 2023"]
[Site "Durres, Albania"]
[Date "2023.10.07"]
[Round "7.74"]
[White "Arnaudov, G. Petar"]
[Black "Saraci, Korab"]
[Result "0-1"]
[TimeControl "90' + 30' & 30\""]
[WhiteElo "2428"]
[BlackElo "2180"]

1. Nf3 {[%clk 01:30:57]} {[%emt 00:00:02]} Nf6 {[%clk 01:30:52]} {[%emt
00:00:08]} 2. g3 {[%clk 01:31:18]} {[%emt 00:00:09]} d5 {[%clk 01:28:58]}
{[%emt 00:02:25]} 3. Bg2 {[%clk 01:29:57]} {[%emt 00:01:53]} e6 {[%clk
01:28:50]} {[%emt 00:00:35]} 4. O-O {[%clk 01:30:22]} {[%emt 00:00:06]} Bd6
{[%clk 01:27:55]} {[%emt 00:01:23]} 5. d3 {[%clk 01:28:28]} {[%emt 00:02:25]}
O-O {[%clk 01:27:44]} {[%emt 00:00:41]} 6. Nc3 {[%clk 01:27:45]} {[%emt
00:01:13]} Nbd7 {[%clk 01:24:11]} {[%emt 00:04:03]} 7. e4 {[%clk 01:22:25]}
{[%emt 00:05:51]} c6 {[%clk 01:17:12]} {[%emt 00:07:28]} 8. Re1 {[%clk
01:19:30]} {[%emt 00:03:26]} Qc7 {[%clk 01:03:48]} {[%emt 00:13:53]} 9. Bg5
{[%clk 01:17:17]} {[%emt 00:02:43]} dxe4 {[%clk 00:57:49]} {[%emt 00:06:30]} 10.
dxe4 {[%clk 01:11:52]} {[%emt 00:05:55]} e5 {[%clk 00:56:59]} {[%emt 00:01:19]}
11. Nh4 {[%clk 01:11:52]} {[%emt 00:00:29]} h6 {[%clk 00:50:13]} {[%emt
00:07:18]} 12. Be3 {[%clk 01:10:29]} {[%emt 00:01:51]} Nb6 {[%clk 00:49:24]}
{[%emt 00:01:20]} 13. h3 {[%clk 01:10:02]} {[%emt 00:00:57]} Nc4 {[%clk
00:47:40]} {[%emt 00:02:14]} 14. Bc1 {[%clk 01:10:16]} {[%emt 00:00:16]} Bb4
{[%clk 00:38:21]} {[%emt 00:09:49]} 15. Qf3 {[%clk 01:07:14]} {[%emt 00:03:33]}
Qe7 {[%clk 00:37:27]} {[%emt 00:01:24]} 16. a3 {[%clk 01:07:21]} {[%emt
00:00:23]} Ba5 {[%clk 00:36:05]} {[%emt 00:01:51]} 17. b3 {[%clk 01:04:59]}
{[%emt 00:02:53]} Nd6 {[%clk 00:36:00]} {[%emt 00:00:35]} 18. Bd2 {[%clk
01:05:01]} {[%emt 00:00:27]} Bc7 {[%clk 00:29:58]} {[%emt 00:06:33]} 19. a4
{[%clk 01:01:18]} {[%emt 00:04:14]} g5 {[%clk 00:27:11]} {[%emt 00:03:16]} 20.
Nf5 {[%clk 01:00:54]} {[%emt 00:00:54]} Bxf5 {[%clk 00:26:57]} {[%emt
00:00:44]} 21. exf5 {[%clk 01:01:16]} {[%emt 00:00:07]} e4 {[%clk 00:24:52]}
{[%emt 00:02:36]} 22. Qe2 {[%clk 01:01:04]} {[%emt 00:00:42]} Rfe8 {[%clk
00:23:27]} {[%emt 00:01:54]} 23. g4 {[%clk 01:01:19]} {[%emt 00:00:16]} Qe5
{[%clk 00:20:34]} {[%emt 00:03:22]} 24. Kf1 {[%clk 00:53:49]} {[%emt 00:08:01]}
Bb6 {[%clk 00:16:01]} {[%emt 00:05:02]} 25. Rac1 {[%clk 00:45:32]} {[%emt
00:08:47]} Rad8 {[%clk 00:12:44]} {[%emt 00:03:47]} 26. Red1 {[%clk 00:42:05]}
{[%emt 00:03:58]} e3 {[%clk 00:06:49]} {[%emt 00:06:25]} 27. fxe3 {[%clk
00:41:55]} {[%emt 00:00:40]} Ba5 {[%clk 00:07:10]} {[%emt 00:00:09]} 28. Qe1
{[%clk 00:39:35]} {[%emt 00:02:50]} h5 {[%clk 00:06:17]} {[%emt 00:01:24]} 29.
e4 {[%clk 00:38:03]} {[%emt 00:02:01]} hxg4 {[%clk 00:06:23]} {[%emt 00:00:24]}
30. Qe3 {[%clk 00:37:50]} {[%emt 00:00:42]} Kf8 {[%clk 00:05:50]} {[%emt
00:01:03]} 31. Qxg5 {[%clk 00:33:30]} {[%emt 00:04:51]} gxh3 {[%clk 00:04:55]}
{[%emt 00:01:26]} 32. Bf3 {[%clk 00:33:02]} {[%emt 00:00:57]} Ke7 {[%clk
00:03:48]} {[%emt 00:01:37]} 33. Bf4 {[%clk 00:31:33]} {[%emt 00:01:59]} Qxc3
{[%clk 00:02:25]} {[%emt 00:01:53]} 34. Rd3 {[%clk 00:31:49]} {[%emt 00:00:14]}
Ndxe4 {[%clk 00:02:14]} {[%emt 00:00:40]} 35. Bxe4 {[%clk 00:25:49]} {[%emt
00:06:31]} Rxd3 {[%clk 00:02:22]} {[%emt 00:00:23]} 36. cxd3 {[%clk 00:26:13]}
{[%emt 00:00:05]} Qb2 {[%clk 00:02:44]} {[%emt 00:00:07]} 37. Qh4 {[%emt
00:04:38]} Rg8 {[%clk 00:01:37]} 38. Bg5 {[%clk 00:20:24]} {[%emt 00:03:48]}
Rxg5 {[%clk 00:01:25]} {[%emt 00:00:43]} 39. Qxg5 {[%clk 00:20:50]} {[%emt
00:00:04]} Bd2 {[%clk 00:01:46]} {[%emt 00:00:09]} 0-1

[Event "European Chess Club Cup 2023"]
[Site "Durres, Albania"]
[Date "2023.10.07"]
[Round "7.75"]
[White "Krasniqi, Alban"]
[Black "Nikolovski, Nikola"]
[Result "0-1"]
[TimeControl "90' + 30' & 30\""]
[WhiteElo "2160"]
[BlackElo "2382"]

1. d4 {[%clk 01:30:56]} {[%emt 00:00:04]} e6 {[%clk 01:30:51]} {[%emt
00:00:09]} 2. e4 {[%clk 01:31:16]} {[%emt 00:00:10]} d5 {[%clk 01:31:13]}
{[%emt 00:00:08]} 3. Nc3 {[%clk 01:31:40]} {[%emt 00:00:06]} Bb4 {[%clk
01:31:30]} {[%emt 00:00:13]} 4. e5 {[%clk 01:32:04]} {[%emt 00:00:06]} b6
{[%clk 01:31:47]} {[%emt 00:00:13]} 5. a3 {[%clk 01:30:21]} {[%emt 00:02:13]}
Bf8 {[%clk 01:31:59]} {[%emt 00:00:18]} 6. f4 {[%clk 01:29:48]} {[%emt
00:01:03]} h5 {[%clk 01:29:12]} {[%emt 00:03:17]} 7. Be3 {[%clk 01:25:46]}
{[%emt 00:04:32]} Ne7 {[%clk 01:29:05]} {[%emt 00:00:37]} 8. g3 {[%clk
01:25:37]} {[%emt 00:00:39]} Nf5 {[%clk 01:25:40]} {[%emt 00:03:56]} 9. Bf2
{[%clk 01:25:56]} {[%emt 00:00:10]} Ba6 {[%clk 01:24:38]} {[%emt 00:01:32]} 10.
Bg2 {[%clk 01:26:13]} {[%emt 00:00:13]} Be7 {[%clk 01:23:28]} {[%emt 00:01:40]}
11. b4 {[%clk 01:26:15]} {[%emt 00:00:29]} Qd7 {[%clk 01:07:24]} {[%emt
00:16:34]} 12. Rb1 {[%clk 01:23:22]} {[%emt 00:03:22]} Qc6 {[%clk 01:04:15]}
{[%emt 00:03:39]} 13. Qd2 {[%clk 01:23:10]} {[%emt 00:00:43]} Bc4 {[%clk
01:04:01]} {[%emt 00:00:44]} 14. Nge2 {[%clk 01:19:36]} {[%emt 00:04:03]} a5
{[%clk 00:52:47]} {[%emt 00:11:44]} 15. O-O {[%clk 01:15:03]} {[%emt 00:05:03]}
axb4 {[%clk 00:47:18]} {[%emt 00:06:00]} 16. axb4 {[%clk 01:15:26]} {[%emt
00:00:07]} Ra3 {[%clk 00:47:29]} {[%emt 00:00:19]} 17. Rfc1 {[%clk 01:15:15]}
{[%emt 00:00:40]} Qa8 {[%clk 00:39:55]} {[%emt 00:08:04]} 18. Nd1 {[%clk
01:13:13]} {[%emt 00:02:32]} Nd7 {[%clk 00:36:10]} {[%emt 00:04:16]} 19. Ne3
{[%clk 01:11:38]} {[%emt 00:02:05]} Nxe3 {[%clk 00:34:52]} {[%emt 00:01:48]} 20.
Bxe3 {[%clk 01:12:00]} {[%emt 00:00:06]} g6 {[%clk 00:33:36]} {[%emt 00:01:47]}
21. c3 {[%clk 01:09:48]} {[%emt 00:02:42]} Nb8 {[%clk 00:29:56]} {[%emt
00:04:11]} 22. Qe1 {[%clk 01:09:05]} {[%emt 00:01:12]} Nc6 {[%clk 00:29:17]}
{[%emt 00:01:09]} 23. Ra1 {[%clk 01:09:00]} {[%emt 00:00:35]} Rxa1 {[%clk
00:26:49]} {[%emt 00:02:58]} 24. Rxa1 {[%clk 01:09:23]} {[%emt 00:00:08]} Qb7
{[%clk 00:27:16]} {[%emt 00:00:03]} 25. Kf2 {[%clk 01:03:41]} {[%emt 00:06:11]}
Kd7 {[%clk 00:27:11]} {[%emt 00:00:36]} 26. h4 {[%clk 01:00:19]} {[%emt
00:03:51]} Ra8 {[%clk 00:26:46]} {[%emt 00:00:55]} 27. f5 {[%clk 01:00:33]}
{[%emt 00:00:17]} exf5 {[%clk 00:23:44]} {[%emt 00:03:32]} 28. Nf4 {[%clk
01:00:37]} {[%emt 00:00:25]} Nd8 {[%clk 00:22:57]} {[%emt 00:01:17]} 29. Qh1
{[%clk 00:55:04]} {[%emt 00:06:02]} c6 {[%clk 00:22:15]} {[%emt 00:01:14]} 30.
b5 {[%clk 00:52:45]} {[%emt 00:02:49]} Bxb5 {[%clk 00:21:11]} {[%emt 00:01:33]}
31. Rxa8 {[%clk 00:46:57]} {[%emt 00:06:18]} Qxa8 {[%clk 00:21:33]} {[%emt
00:00:08]} 32. Qb1 {[%clk 00:47:23]} {[%emt 00:00:04]} Qa5 {[%clk 00:16:24]}
{[%emt 00:05:40]} 33. Nxh5 {[%clk 00:45:51]} {[%emt 00:02:02]} gxh5 {[%clk
00:11:29]} {[%emt 00:05:25]} 34. Qxf5+ {[%clk 00:46:13]} {[%emt 00:00:07]} Ke8
{[%clk 00:10:32]} {[%emt 00:01:27]} 35. Bh3 {[%clk 00:45:21]} {[%emt 00:01:22]}
Ne6 {[%clk 00:09:35]} {[%emt 00:01:27]} 36. Qxh5 {[%clk 00:45:34]} {[%emt
00:00:18]} Qa2+ {[%clk 00:09:53]} {[%emt 00:00:12]} 37. Kg1 {[%clk 00:45:13]}
{[%emt 00:00:50]} Qb1+ {[%clk 00:08:33]} {[%emt 00:01:51]} 38. Kh2 {[%clk
00:44:38]} {[%emt 00:01:05]} Qc2+ {[%clk 00:08:48]} {[%emt 00:00:15]} 39. Kg1
{[%clk 00:44:58]} {[%emt 00:00:09]} Qe2 {[%clk 00:06:02]} {[%emt 00:03:16]} 40.
Qh8+ {[%clk 00:44:47]} {[%emt 00:00:42]} Kd7 {[%clk 00:03:40]} {[%emt
00:02:51]} 41. Bf2 {[%clk 00:42:31]} {[%emt 00:02:46]} Bd3 {[%clk 00:03:23]}
{[%emt 00:00:48]} 42. Bg2 {[%clk 00:31:11]} {[%emt 00:11:49]} Be4 {[%clk
00:01:34]} {[%emt 00:02:19]} 43. Qb8 {[%clk 00:31:22]} {[%emt 00:00:20]} Bxg2
{[%clk 00:29:36]} {[%emt 00:02:27]} 44. Kxg2 {[%clk 01:01:20]} {[%emt
00:00:32]} b5 {[%clk 00:29:47]} {[%emt 00:00:19]} 45. Qa7+ {[%clk 01:01:13]}
{[%emt 00:00:38]} Nc7 {[%clk 00:29:48]} {[%emt 00:00:28]} 46. Qa1 {[%clk
01:01:07]} {[%emt 00:00:36]} Bf8 {[%clk 00:27:23]} {[%emt 00:02:55]} 47. Kg1
{[%clk 01:01:09]} {[%emt 00:00:28]} Qf3 {[%clk 00:27:01]} {[%emt 00:00:53]} 48.
Qc1 {[%clk 01:01:21]} {[%emt 00:00:17]} Ne6 {[%clk 00:26:53]} {[%emt 00:00:38]}
49. Qd2 {[%clk 01:00:57]} {[%emt 00:00:54]} Be7 {[%clk 00:26:06]} {[%emt
00:01:18]} 50. Kh2 {[%clk 01:00:31]} {[%emt 00:00:55]} Bd8 {[%clk 00:26:08]}
{[%emt 00:00:28]} 51. Be1 {[%clk 00:58:56]} {[%emt 00:02:04]} Ng7 {[%clk
00:24:37]} {[%emt 00:02:02]} 52. Qf2 {[%clk 00:56:20]} {[%emt 00:03:06]} Qxf2+
{[%clk 00:22:27]} {[%emt 00:02:40]} 53. Bxf2 {[%clk 00:56:43]} {[%emt
00:00:08]} Ba5 {[%clk 00:22:05]} {[%emt 00:00:52]} 54. g4 {[%clk 00:55:10]}
{[%emt 00:02:02]} Ne6 {[%clk 00:22:00]} {[%emt 00:00:35]} 55. h5 {[%clk
00:54:13]} {[%emt 00:01:28]} Bxc3 {[%clk 00:21:47]} {[%emt 00:00:43]} 56. Be3
{[%clk 00:54:32]} {[%emt 00:00:11]} b4 {[%clk 00:20:35]} {[%emt 00:01:42]} 57.
h6 {[%clk 00:54:50]} {[%emt 00:00:12]} Nf8 {[%clk 00:20:57]} {[%emt 00:00:07]}
58. h7 {[%clk 00:54:15]} {[%emt 00:01:05]} Nxh7 {[%clk 00:21:19]} {[%emt
00:00:08]} 0-1